[Event "M?R mláde?e v rapidu 2019"]
[Site "?"]
[Date "2019.09.08"]
[Round "9.1"]
[White "Kures, Michael"]
[Black "Mach, Petr"]
[Result "1/2-1/2"]
[BlackElo "1911"]
[WhiteElo "1944"]
[LiveChessVersion "1.4.8"]

1. e4 {[%clk 0:20:08]} d5 {[%clk 0:20:09]} 2. exd5 {[%clk 0:20:10]} Nf6
{[%clk 0:20:13]} 3. Nc3 {[%clk 0:20:07]} Bg4 {[%clk 0:19:47]} 4. Nf3
{[%clk 0:20:01]} Nxd5 {[%clk 0:19:45]} 5. Bc4 {[%clk 0:20:03]} e6
{[%clk 0:19:28]} 6. O-O {[%clk 0:19:32]} Be7 {[%clk 0:19:17]} 7. d4
{[%clk 0:18:34]} O-O {[%clk 0:17:45]} 8. Ne4 {[%clk 0:17:51]} Nc6
{[%clk 0:16:58]} 9. c3 {[%clk 0:17:36]} Nf6 {[%clk 0:14:56]} 10. Bd3
{[%clk 0:14:45]} Qd5 {[%clk 0:11:39]} 11. Nxf6+ {[%clk 0:07:56]} Bxf6
{[%clk 0:11:40]} 12. Be3 {[%clk 0:07:56]} Bxf3 {[%clk 0:11:33]} 13. Qxf3
{[%clk 0:07:32]} Qxf3 {[%clk 0:10:30]} 14. gxf3 {[%clk 0:07:35]} Rad8
{[%clk 0:10:18]} 15. f4 {[%clk 0:07:34]} Ne7 {[%clk 0:10:07]} 16. Kh1
{[%clk 0:07:21]} c5 {[%clk 0:09:29]} 17. Rfd1 {[%clk 0:07:04]} cxd4
{[%clk 0:09:30]} 18. cxd4 {[%clk 0:07:08]} Nc6 {[%clk 0:08:10]} 19. Be4
{[%clk 0:05:49]} Nxd4 {[%clk 0:06:17]} 20. Bxb7 {[%clk 0:05:36]} Nc2
{[%clk 0:05:48]} 21. Rxd8 {[%clk 0:01:12]} Rxd8 {[%clk 0:05:29]} 22. Rc1
{[%clk 0:00:39]} Nxe3 {[%clk 0:05:31]} 23. fxe3 {[%clk 0:00:44]} Bxb2
{[%clk 0:05:02]} 24. Rc2 {[%clk 0:00:37]} Ba3 {[%clk 0:04:37]} 25. Kg2
{[%clk 0:00:27]} g6 {[%clk 0:04:37]} 26. Rc8 {[%clk 0:00:30]} Rxc8 27. Bxc8
{[%clk 0:00:34]} Kf8 {[%clk 0:04:32]} 28. Kf3 {[%clk 0:00:35]} Ke7
{[%clk 0:04:36]} 29. Ba6 {[%clk 0:00:38]} Kd6 {[%clk 0:04:30]} 30. Bc4
{[%clk 0:00:42]} Bb2 {[%clk 0:04:26]} 31. e4 {[%clk 0:00:15]} Kc5
{[%clk 0:04:14]} 32. Ba6 {[%clk 0:00:19]} Kd4 {[%clk 0:04:11]} 33. e5
{[%clk 0:00:15]} Bc1 {[%clk 0:04:04]} 34. Bb5 {[%clk 0:00:19]} g5
{[%clk 0:03:55]} 35. fxg5 {[%clk 0:00:10]} Kxe5 {[%clk 0:03:27]} 36. Be8
{[%clk 0:00:13]} Bxg5 {[%clk 0:03:28]} 37. Bxf7 {[%clk 0:00:17]} h6
{[%clk 0:03:26]} 38. h3 {[%clk 0:00:20]} Kf5 {[%clk 0:03:26]} 39. Be8
{[%clk 0:00:22]} Ke5 {[%clk 0:03:17]} 40. Bd7 {[%clk 0:00:25]} Kd6
{[%clk 0:03:20]} 41. Be8 {[%clk 0:00:29]} a5 {[%clk 0:02:58]} 42. Ke4
{[%clk 0:00:29]} Bf6 {[%clk 0:02:54]} 43. Bf7 {[%clk 0:00:32]} e5
{[%clk 0:02:52]} 44. Bg8 {[%clk 0:00:31]} Kc5 {[%clk 0:02:48]} 45. Bf7
{[%clk 0:00:31]} Kb4 {[%clk 0:02:38]} 46. Be6 {[%clk 0:00:33]} a4
{[%clk 0:02:37]} 47. Bd5 {[%clk 0:00:35]} a3 {[%clk 0:02:41]} 48. Be6
{[%clk 0:00:39]} Kc3 {[%clk 0:02:35]} 49. Bd5 {[%clk 0:00:43]} 1/2-1/2

[Event "M?R mláde?e v rapidu 2019"]
[Site "?"]
[Date "2019.09.08"]
[Round "9.2"]
[White "Dudek, Vojtech"]
[Black "Frank, Adam"]
[Result "0-1"]
[BlackElo "2371"]
[WhiteElo "1983"]
[LiveChessVersion "1.4.8"]

1. e4 d6 2. d4 Nf6 3. Nc3 g6 4. Bf4 a6 5. Qd2 b5 6. f3 Bb7 7. O-O-O Nbd7 8. g4
Nb6 9. Bh6 b4 10. Nb1 c5 11. Bxf8 Rxf8 12. dxc5 dxc5 13. Qxd8+ Rxd8 14. Rxd8+
Kxd8 15. Nd2 Kc7 16. Nc4 Nxe4 17. Nh3 Nxc4 18. Bxc4 Nd6 19. Be2 f5 20. Ng5 Kd7
21. gxf5 Rxf5 22. Nxh7 Bxf3 23. Bxf3 Rxf3 24. Rg1 Rf7 25. Ng5 Rf2 26. h3 c4 27.
Rd1 Rf5 28. Ne4 Re5 29. Nxd6 exd6 30. Rf1 Ke6 31. Kd2 Rh5 32. Rf3 Rg5 33. h4 Rg2+
34. Kc1 Ke5 35. Rh3 Kd4 36. h5 gxh5 37. Rxh5 d5 38. Rh3 a5 39. a3 Rg1+ 40. Kd2
c3+ 41. bxc3+ bxc3+ 42. Ke2 Kc4 43. Rh4+ d4 44. Rh5 Rc1 45. Rxa5 Rxc2+ 46. Kd1
Rh2 0-1

[Event "M?R mláde?e v rapidu 2019"]
[Site "?"]
[Date "2019.09.08"]
[Round "9.3"]
[White "Vojta, Jakub"]
[Black "Pribyl, Viktor"]
[Result "1-0"]
[BlackElo "1859"]
[WhiteElo "2086"]
[LiveChessVersion "1.4.8"]

1. e4 {[%clk 0:20:00]} c5 {[%clk 0:20:09]} 2. Nf3 {[%clk 0:20:02]} d6
{[%clk 0:20:13]} 3. d4 {[%clk 0:20:05]} cxd4 {[%clk 0:20:17]} 4. Nxd4
{[%clk 0:20:08]} Nf6 {[%clk 0:20:21]} 5. f3 {[%clk 0:20:12]} e5 {[%clk 0:20:23]}
6. Bb5+ {[%clk 0:19:53]} Bd7 {[%clk 0:19:19]} 7. Bxd7+ {[%clk 0:19:57]} Qxd7
{[%clk 0:18:38]} 8. Nf5 {[%clk 0:19:55]} d5 {[%clk 0:17:02]} 9. Bg5
{[%clk 0:19:58]} dxe4 {[%clk 0:15:43]} 10. Bxf6 {[%clk 0:19:59]} Qxd1+
{[%clk 0:14:38]} 11. Kxd1 {[%clk 0:20:03]} gxf6 {[%clk 0:14:42]} 12. fxe4
{[%clk 0:20:06]} Nc6 {[%clk 0:14:35]} 13. c3 {[%clk 0:19:18]} Rg8
{[%clk 0:14:20]} 14. g3 {[%clk 0:19:09]} O-O-O+ {[%clk 0:13:06]} 15. Ke2
{[%clk 0:19:10]} Ne7 {[%clk 0:12:24]} 16. Rf1 {[%clk 0:18:34]} Rg4
{[%clk 0:11:52]} 17. Nxe7+ {[%clk 0:16:47]} Bxe7 {[%clk 0:11:54]} 18. Nd2
{[%clk 0:16:44]} h5 {[%clk 0:11:10]} 19. Rad1 {[%clk 0:15:45]} h4
{[%clk 0:09:37]} 20. Kf3 {[%clk 0:14:20]} Rdg8 {[%clk 0:09:42]} 21. Rg1
{[%clk 0:13:53]} Bc5 {[%clk 0:09:17]} 22. Rg2 {[%clk 0:13:42]} a6
{[%clk 0:05:00]} 23. Re1 {[%clk 0:10:56]} Kd7 {[%clk 0:04:09]} 24. Nf1
{[%clk 0:10:26]} hxg3 {[%clk 0:03:09]} 25. hxg3 {[%clk 0:09:42]} Ke6
{[%clk 0:02:59]} 26. Rd2 {[%clk 0:08:43]} R4g5 {[%clk 0:01:42]} 27. Rd5
{[%clk 0:07:55]} Be7 {[%clk 0:00:55]} 28. c4 {[%clk 0:03:49]} f5 {[%clk 0:00:52]}
29. exf5+ {[%clk 0:03:49]} Rxf5+ {[%clk 0:00:55]} 30. Kg2 {[%clk 0:03:49]} Rfg5
{[%clk 0:00:19]} 31. Re3 {[%clk 0:03:21]} f6 {[%clk 0:00:21]} 32. Nd2
{[%clk 0:03:10]} b5 {[%clk 0:00:17]} 33. b3 {[%clk 0:02:38]} bxc4 34. bxc4
{[%clk 0:02:42]} Rb8 {[%clk 0:00:16]} 35. Rb3 {[%clk 0:02:17]} Rxb3
{[%clk 0:00:11]} 36. axb3 {[%clk 0:02:21]} Rg8 {[%clk 0:00:10]} 37. Kf3
{[%clk 0:01:12]} f5 {[%clk 0:00:13]} 38. Ra5 {[%clk 0:00:45]} Ra8
{[%clk 0:00:16]} 39. c5 {[%clk 0:00:46]} Kd5 {[%clk 0:00:13]} 40. b4
{[%clk 0:00:45]} Kc6 {[%clk 0:00:11]} 41. Nc4 {[%clk 0:00:46]} Bf6
{[%clk 0:00:11]} 42. Nd6 {[%clk 0:00:34]} e4+ {[%clk 0:00:12]} 43. Kf4
{[%clk 0:00:36]} Bc3 {[%clk 0:00:16]} 44. Ra4 {[%clk 0:00:25]} a5
{[%clk 0:00:20]} 45. Rxa5 {[%clk 0:00:18]} Rxa5 {[%clk 0:00:24]} 46. bxa5
{[%clk 0:00:22]} Kxc5 {[%clk 0:00:10]} 47. a6 {[%clk 0:00:13]} Bd2+
{[%clk 0:00:08]} 48. Kxf5 {[%clk 0:00:13]} Kb6 {[%clk 0:00:11]} 49. Nc4+
{[%clk 0:00:17]} Kxa6 {[%clk 0:00:14]} 50. Nxd2 {[%clk 0:00:22]} e3
{[%clk 0:00:19]} 51. Nf3 {[%clk 0:00:25]} Kb6 {[%clk 0:00:23]} 52. g4
{[%clk 0:00:28]} Kc7 {[%clk 0:00:27]} 53. Ke4 1-0

[Event "M?R mláde?e v rapidu 2019"]
[Site "?"]
[Date "2019.09.08"]
[Round "9.4"]
[White "Babula, Vlastimil"]
[Black "Stalmach, Richard"]
[Result "0-1"]
[BlackElo "1858"]
[WhiteElo "1857"]
[LiveChessVersion "1.4.8"]

1. e4 {[%clk 0:20:08]} c5 {[%clk 0:20:10]} 2. Nf3 {[%clk 0:20:07]} e6
{[%clk 0:20:12]} 3. d4 {[%clk 0:20:09]} cxd4 {[%clk 0:20:16]} 4. Nxd4
{[%clk 0:20:13]} Nf6 {[%clk 0:20:20]} 5. Nc3 {[%clk 0:20:15]} Nc6
{[%clk 0:20:23]} 6. Ndb5 {[%clk 0:20:10]} Bc5 {[%clk 0:20:27]} 7. Nd6+
{[%clk 0:20:00]} Ke7 {[%clk 0:20:31]} 8. Nxc8+ {[%clk 0:19:31]} Rxc8
{[%clk 0:20:27]} 9. Bd3 {[%clk 0:19:18]} Re8 {[%clk 0:20:00]} 10. O-O
{[%clk 0:19:15]} Kf8 {[%clk 0:19:42]} 11. Kh1 {[%clk 0:19:15]} d5
{[%clk 0:18:11]} 12. exd5 {[%clk 0:17:59]} Nxd5 {[%clk 0:18:07]} 13. Ne4
{[%clk 0:17:42]} Be7 {[%clk 0:18:01]} 14. Qh5 {[%clk 0:16:33]} Nf6
{[%clk 0:15:32]} 15. Nxf6 {[%clk 0:16:33]} Bxf6 {[%clk 0:15:35]} 16. Be3
{[%clk 0:14:53]} h6 {[%clk 0:12:57]} 17. Rad1 {[%clk 0:14:22]} Qa5
{[%clk 0:12:55]} 18. Qxa5 {[%clk 0:13:51]} Nxa5 {[%clk 0:12:59]} 19. Bxa7
{[%clk 0:13:34]} Bxb2 {[%clk 0:12:26]} 20. Rb1 {[%clk 0:13:24]} Bc3
{[%clk 0:12:16]} 21. Rb5 {[%clk 0:12:02]} e5 {[%clk 0:08:48]} 22. f3
{[%clk 0:11:32]} Ra8 {[%clk 0:07:28]} 23. Bc5+ {[%clk 0:11:33]} Kg8
{[%clk 0:07:32]} 24. a3 {[%clk 0:11:27]} Rec8 {[%clk 0:06:37]} 25. h3
{[%clk 0:10:57]} Bd4 {[%clk 0:06:12]} 26. Bxd4 {[%clk 0:10:30]} exd4
{[%clk 0:06:16]} 27. Rfb1 {[%clk 0:10:34]} Rc3 {[%clk 0:05:13]} 28. a4
{[%clk 0:10:03]} Ra3 {[%clk 0:04:58]} 29. R5b4 {[%clk 0:09:41]} Rd8
{[%clk 0:03:52]} 30. Kh2 {[%clk 0:09:16]} Nc6 {[%clk 0:03:07]} 31. Rxb7
{[%clk 0:09:03]} Ne5 {[%clk 0:03:11]} 32. Bb5 {[%clk 0:08:04]} Ra2
{[%clk 0:02:29]} 33. Re7 {[%clk 0:07:37]} Ng6 {[%clk 0:01:51]} 34. Rc7
{[%clk 0:06:12]} Nf4 {[%clk 0:01:46]} 35. Rxf7 {[%clk 0:05:13]} Nd5
{[%clk 0:00:58]} 36. Rf5 {[%clk 0:03:49]} Rxc2 {[%clk 0:00:47]} 37. Bd3
{[%clk 0:01:42]} Rc3 {[%clk 0:00:51]} 38. Be4 {[%clk 0:01:30]} Nf6
{[%clk 0:00:33]} 39. Rd1 {[%clk 0:01:14]} d3 {[%clk 0:00:31]} 40. a5
{[%clk 0:01:01]} d2 {[%clk 0:00:22]} 41. Rb5 {[%clk 0:00:32]} Nxe4
{[%clk 0:00:09]} 42. fxe4 {[%clk 0:00:36]} Rc1 {[%clk 0:00:14]} 43. Rb1
{[%clk 0:00:40]} Rxb1 {[%clk 0:00:18]} 44. Rxb1 {[%clk 0:00:42]} d1=Q
{[%clk 0:00:21]} 0-1

[Event "M?R mláde?e v rapidu 2019"]
[Site "?"]
[Date "2019.09.08"]
[Round "9.5"]
[White "Sulcova, Tereza Radmila"]
[Black "Nespora, Tatana"]
[Result "1-0"]
[BlackElo "1497"]
[WhiteElo "1580"]
[LiveChessVersion "1.4.8"]

1. d4 {[%clk 0:20:07]} Nf6 {[%clk 0:20:09]} 2. Nf3 {[%clk 0:20:08]} c5
{[%clk 0:20:13]} 3. e3 {[%clk 0:20:10]} g6 {[%clk 0:20:15]} 4. c3
{[%clk 0:20:13]} b6 {[%clk 0:20:19]} 5. Bd3 {[%clk 0:20:14]} Bg7 {[%clk 0:20:22]}
6. Nbd2 {[%clk 0:20:15]} d6 {[%clk 0:20:26]} 7. O-O {[%clk 0:20:12]} Nbd7
{[%clk 0:20:30]} 8. e4 {[%clk 0:20:03]} e5 {[%clk 0:20:34]} 9. d5
{[%clk 0:19:43]} O-O {[%clk 0:20:26]} 10. a3 {[%clk 0:19:21]} Bb7
{[%clk 0:19:45]} 11. c4 {[%clk 0:19:16]} Qc7 {[%clk 0:18:28]} 12. b4
{[%clk 0:18:49]} a6 {[%clk 0:17:27]} 13. b5 {[%clk 0:18:01]} axb5
{[%clk 0:16:45]} 14. cxb5 {[%clk 0:18:03]} c4 {[%clk 0:15:58]} 15. Bxc4
{[%clk 0:16:51]} Nc5 {[%clk 0:15:58]} 16. Re1 {[%clk 0:16:45]} Ncxe4
{[%clk 0:14:40]} 17. Nxe4 {[%clk 0:16:05]} Qxc4 {[%clk 0:14:44]} 18. Nxd6
{[%clk 0:15:48]} Qxd5 {[%clk 0:14:47]} 19. Nxb7 {[%clk 0:15:31]} Qxb7
{[%clk 0:14:50]} 20. Nxe5 {[%clk 0:14:55]} Ne4 {[%clk 0:14:01]} 21. Bb2
{[%clk 0:14:37]} Rad8 {[%clk 0:12:43]} 22. Qf3 {[%clk 0:11:53]} Nc5
{[%clk 0:11:36]} 23. Qxb7 {[%clk 0:11:30]} Nxb7 {[%clk 0:11:40]} 24. Nc6
{[%clk 0:09:47]} Bxb2 {[%clk 0:11:03]} 25. Nxd8 Bxa1 {[%clk 0:11:05]} 26. Nxb7
{[%clk 0:09:43]} Bc3 {[%clk 0:10:58]} 27. Re3 {[%clk 0:09:01]} Rc8
{[%clk 0:10:59]} 28. g3 {[%clk 0:07:41]} Rc7 {[%clk 0:10:33]} 29. Nd6
{[%clk 0:07:30]} Bd4 {[%clk 0:10:34]} 30. Rd3 {[%clk 0:06:53]} Bc5
{[%clk 0:10:36]} 31. Ne8 Ra7 {[%clk 0:10:16]} 32. Nf6+ {[%clk 0:06:00]} Kg7
{[%clk 0:09:39]} 33. Nd7 {[%clk 0:05:55]} Rc7 {[%clk 0:09:29]} 34. Nxc5
{[%clk 0:05:29]} Rxc5 {[%clk 0:09:32]} 35. Rb3 {[%clk 0:05:33]} Kf8
{[%clk 0:08:05]} 36. Kf1 {[%clk 0:05:21]} Ke7 {[%clk 0:08:09]} 37. Ke2
{[%clk 0:05:24]} Kd6 {[%clk 0:08:12]} 38. Kd3 {[%clk 0:05:26]} f5
{[%clk 0:07:59]} 39. a4 {[%clk 0:04:55]} Re5 {[%clk 0:07:28]} 40. Rb4
{[%clk 0:04:44]} Rc5 {[%clk 0:06:53]} 41. Rh4 {[%clk 0:03:55]} Rc7
{[%clk 0:06:57]} 42. Kd4 {[%clk 0:03:54]} Ke6 {[%clk 0:06:44]} 43. Rf4
{[%clk 0:03:35]} Rc2 {[%clk 0:06:01]} 44. Kd3 {[%clk 0:03:17]} Rc7
{[%clk 0:06:04]} 45. Rc4 {[%clk 0:03:06]} Rxc4 {[%clk 0:05:12]} 46. Kxc4
{[%clk 0:03:09]} Kd6 {[%clk 0:05:15]} 47. Kb4 {[%clk 0:03:12]} Kd5
{[%clk 0:05:17]} 48. a5 {[%clk 0:03:14]} 1-0

[Event "M?R mláde?e v rapidu 2019"]
[Site "?"]
[Date "2019.09.08"]
[Round "9.6"]
[White "Stastna, Martina"]
[Black "Trasakova, Adela"]
[Result "1/2-1/2"]
[BlackElo "1656"]
[WhiteElo "1657"]
[LiveChessVersion "1.4.8"]

1. e4 {[%clk 0:20:07]} c6 {[%clk 0:20:06]} 2. Nf3 {[%clk 0:20:08]} g6
{[%clk 0:20:06]} 3. d4 {[%clk 0:19:44]} d5 {[%clk 0:19:56]} 4. exd5
{[%clk 0:19:32]} cxd5 {[%clk 0:19:58]} 5. Ne5 {[%clk 0:19:31]} Nc6
{[%clk 0:18:54]} 6. c3 {[%clk 0:19:02]} a6 {[%clk 0:17:56]} 7. Bd3
{[%clk 0:18:41]} Bg7 {[%clk 0:17:06]} 8. f4 {[%clk 0:18:21]} Nf6 {[%clk 0:16:35]}
9. O-O {[%clk 0:17:50]} Bf5 {[%clk 0:15:57]} 10. Qc2 {[%clk 0:17:04]} e6
{[%clk 0:15:36]} 11. Nd2 {[%clk 0:15:12]} O-O {[%clk 0:14:33]} 12. Ndf3
{[%clk 0:14:18]} Qc7 {[%clk 0:13:00]} 13. Be3 {[%clk 0:12:11]} Ng4
{[%clk 0:10:58]} 14. Nxg4 {[%clk 0:10:58]} Bxg4 {[%clk 0:10:58]} 15. Ne5
{[%clk 0:10:59]} Bf5 {[%clk 0:09:59]} 16. Qe2 {[%clk 0:10:17]} Bxd3
{[%clk 0:09:01]} 17. Qxd3 {[%clk 0:09:36]} Nxe5 {[%clk 0:08:33]} 18. fxe5
{[%clk 0:09:06]} f6 {[%clk 0:07:23]} 19. exf6 {[%clk 0:08:51]} Rxf6
{[%clk 0:07:13]} 20. Rxf6 {[%clk 0:08:42]} Bxf6 {[%clk 0:07:17]} 21. Rf1
{[%clk 0:08:29]} Rf8 {[%clk 0:07:17]} 22. Bf4 {[%clk 0:07:58]} Qd7
{[%clk 0:07:02]} 23. Qe3 {[%clk 0:07:20]} Bg7 {[%clk 0:06:35]} 24. Re1
{[%clk 0:07:05]} Re8 {[%clk 0:06:24]} 25. Be5 {[%clk 0:06:55]} Bxe5
{[%clk 0:06:06]} 26. Qxe5 {[%clk 0:06:52]} Qe7 {[%clk 0:05:36]} 27. Re3
{[%clk 0:05:53]} Qg7 {[%clk 0:05:19]} 28. Qg3 {[%clk 0:05:17]} Qe7
{[%clk 0:05:09]} 29. Qe1 {[%clk 0:04:54]} Qd7 {[%clk 0:04:51]} 30. Re5
{[%clk 0:04:36]} Qf7 {[%clk 0:04:30]} 31. b3 {[%clk 0:04:16]} Qd7
{[%clk 0:04:01]} 32. Qe3 {[%clk 0:04:09]} b5 {[%clk 0:03:55]} 33. Qe2
{[%clk 0:02:48]} Re7 {[%clk 0:03:43]} 34. Qb2 {[%clk 0:02:12]} Qc6
{[%clk 0:02:46]} 35. Qa3 {[%clk 0:02:03]} Qxc3 {[%clk 0:02:09]} 36. Qxe7
{[%clk 0:00:24]} Qxd4+ 37. Kf1 Qxe5 {[%clk 0:02:15]} 38. Qe8+ {[%clk 0:00:28]}
Kg7 {[%clk 0:02:18]} 39. Qe7+ {[%clk 0:00:27]} Kg8 {[%clk 0:01:08]} 40. Qe8+
{[%clk 0:00:23]} Kg7 {[%clk 0:01:08]} 41. Qe7+ {[%clk 0:00:27]} Kg8
{[%clk 0:01:03]} 42. Qe8+ 1/2-1/2

[Event "M?R mláde?e v rapidu 2019"]
[Site "?"]
[Date "2019.09.08"]
[Round "9.7"]
[White "Dudova, Pavlina"]
[Black "Voriskova, Anna"]
[Result "0-1"]
[BlackElo "1591"]
[WhiteElo "1641"]
[LiveChessVersion "1.4.8"]

1. e4 {[%clk 0:20:07]} c5 {[%clk 0:20:08]} 2. Nf3 {[%clk 0:20:10]} Nc6
{[%clk 0:20:09]} 3. d4 {[%clk 0:20:10]} cxd4 {[%clk 0:20:12]} 4. Nxd4
{[%clk 0:20:12]} Nf6 {[%clk 0:20:14]} 5. Nc3 {[%clk 0:20:12]} e5 {[%clk 0:20:18]}
6. Ndb5 {[%clk 0:20:08]} d6 {[%clk 0:20:21]} 7. Bg5 {[%clk 0:19:52]} a6
{[%clk 0:20:17]} 8. Na3 {[%clk 0:19:17]} b5 {[%clk 0:20:18]} 9. Nd5
{[%clk 0:19:17]} Be7 {[%clk 0:20:22]} 10. Bxf6 {[%clk 0:19:17]} Bxf6
{[%clk 0:20:25]} 11. c3 {[%clk 0:19:18]} Bg5 {[%clk 0:18:52]} 12. Nc2
{[%clk 0:18:58]} Rb8 {[%clk 0:18:28]} 13. Be2 {[%clk 0:16:34]} O-O
{[%clk 0:18:26]} 14. a3 {[%clk 0:15:18]} a5 {[%clk 0:17:59]} 15. O-O
{[%clk 0:14:19]} Be6 {[%clk 0:17:54]} 16. b4 {[%clk 0:12:41]} Ne7
{[%clk 0:15:32]} 17. Nce3 {[%clk 0:11:01]} g6 {[%clk 0:14:50]} 18. Nxe7+
{[%clk 0:09:50]} Bxe7 {[%clk 0:14:42]} 19. Nd5 {[%clk 0:09:31]} Bg5
{[%clk 0:14:32]} 20. Qd3 {[%clk 0:06:54]} f5 {[%clk 0:13:57]} 21. f3
{[%clk 0:06:23]} Kh8 {[%clk 0:12:52]} 22. Ne3 {[%clk 0:05:33]} Qb6
{[%clk 0:11:09]} 23. Kh1 {[%clk 0:02:21]} Bxe3 {[%clk 0:10:18]} 24. bxa5
{[%clk 0:02:04]} Qc5 {[%clk 0:10:19]} 25. Rfd1 {[%clk 0:00:59]} Bc4
{[%clk 0:10:11]} 26. Qc2 {[%clk 0:00:41]} Bxe2 {[%clk 0:09:49]} 27. Qxe2
{[%clk 0:00:44]} fxe4 {[%clk 0:09:36]} 28. fxe4 {[%clk 0:00:12]} Rf2
{[%clk 0:09:09]} 29. Qd3 {[%clk 0:00:09]} Rbf8 {[%clk 0:09:03]} 30. h3
{[%clk 0:00:08]} Bh6 {[%clk 0:07:47]} 31. Qxd6 {[%clk 0:00:07]} Rf1+
{[%clk 0:07:31]} 0-1

[Event "M?R mláde?e v rapidu 2019"]
[Site "?"]
[Date "2019.09.08"]
[Round "9.8"]
[White "Pejrimovska, Viola Ruby"]
[Black "Hosova, Sandra"]
[Result "1-0"]
[BlackElo "1581"]
[WhiteElo "1585"]
[LiveChessVersion "1.4.8"]

1. e4 c5 2. b4 cxb4 3. a3 bxa3 4. Bxa3 Nf6 5. Nc3 g6 6. d4 Bg7 7. f4 O-O 8. Nf3
Nc6 9. Bd3 d5 10. e5 Ng4 11. Qd2 Re8 12. O-O a6 13. h3 Nh6 14. g4 b5 15. Ne2 Rb8
16. Bc5 Bb7 17. Nh4 e6 18. g5 Bf8 19. Bxf8 Rxf8 20. Qe1 Nf5 21. Nxf5 exf5 22. Qf2
Nb4 23. Qf3 Qc7 24. Ng3 Qc3 25. Ne2 Qc6 26. Ng3 Qc3 27. Ne2 Qc7 28. c3 Nxd3 29.
Qxd3 Ra8 30. h4 Bc6 31. Ng3 a5 32. h5 a4 33. Rf2 Rfb8 34. Rh2 a3 35. e6 fxe6 36.
hxg6 hxg6 37. Ne2 Kf7 38. Rh7+ Ke8 39. Rxc7 Bd7 40. Qh3 1-0

[Event "M?R mláde?e v rapidu 2019"]
[Site "?"]
[Date "2019.09.08"]
[Round "9.9"]
[White "Paseka, Matyas"]
[Black "Brozka, Karel"]
[Result "1-0"]
[BlackElo "1971"]
[WhiteElo "2119"]
[LiveChessVersion "1.4.8"]

1. e4 {[%clk 0:20:09]} c6 {[%clk 0:20:09]} 2. d4 {[%clk 0:20:13]} d5
{[%clk 0:20:13]} 3. exd5 {[%clk 0:20:16]} cxd5 {[%clk 0:20:17]} 4. c4
{[%clk 0:20:20]} Nf6 {[%clk 0:20:21]} 5. Nc3 {[%clk 0:20:22]} Nc6
{[%clk 0:20:24]} 6. Bg5 {[%clk 0:20:26]} Be6 {[%clk 0:19:57]} 7. Nf3
{[%clk 0:19:21]} g6 {[%clk 0:17:43]} 8. Bxf6 {[%clk 0:12:34]} exf6
{[%clk 0:17:34]} 9. a3 {[%clk 0:12:38]} Qd7 {[%clk 0:14:26]} 10. Be2
{[%clk 0:10:44]} Bg7 {[%clk 0:14:22]} 11. O-O {[%clk 0:10:11]} O-O
{[%clk 0:14:20]} 12. c5 {[%clk 0:10:02]} b6 {[%clk 0:09:43]} 13. b4
{[%clk 0:09:59]} bxc5 {[%clk 0:09:38]} 14. dxc5 {[%clk 0:09:21]} f5
{[%clk 0:08:47]} 15. Rc1 {[%clk 0:09:24]} a6 {[%clk 0:05:21]} 16. Na4
{[%clk 0:08:27]} Qc7 {[%clk 0:05:08]} 17. Nb6 {[%clk 0:08:23]} Ra7
{[%clk 0:04:58]} 18. Qa4 {[%clk 0:06:44]} Nb8 {[%clk 0:02:22]} 19. Rfd1
{[%clk 0:06:29]} Rd8 {[%clk 0:02:13]} 20. Nd4 {[%clk 0:05:43]} Be5
{[%clk 0:01:57]} 21. h3 {[%clk 0:05:28]} Bxd4 {[%clk 0:00:22]} 22. Rxd4
{[%clk 0:05:31]} Rb7 {[%clk 0:00:24]} 23. Rcd1 {[%clk 0:05:03]} Ra7
{[%clk 0:00:09]} 24. Nxd5 {[%clk 0:04:07]} Bxd5 {[%clk 0:00:13]} 25. Rxd5
{[%clk 0:04:11]} Rxd5 {[%clk 0:00:13]} 26. Rxd5 {[%clk 0:04:15]} Qe7
{[%clk 0:00:10]} 27. Qd1 {[%clk 0:03:52]} Nd7 {[%clk 0:00:11]} 28. c6
{[%clk 0:03:40]} Nb6 {[%clk 0:00:08]} 29. Rd8+ {[%clk 0:03:30]} Kg7
{[%clk 0:00:11]} 30. Qd4+ {[%clk 0:03:28]} Kh6 {[%clk 0:00:08]} 31. Qxb6
{[%clk 0:03:00]} Rc7 {[%clk 0:00:07]} 32. Qe3+ {[%clk 0:02:45]} Qxe3
{[%clk 0:00:11]} 33. fxe3 {[%clk 0:02:49]} Rxc6 {[%clk 0:00:15]} 34. Ra8
{[%clk 0:02:48]} Re6 {[%clk 0:00:17]} 35. Kf2 {[%clk 0:02:49]} Kg7
{[%clk 0:00:13]} 36. Rxa6 {[%clk 0:02:52]} Re7 {[%clk 0:00:17]} 37. b5
{[%clk 0:02:56]} f6 {[%clk 0:00:20]} 38. b6 {[%clk 0:03:00]} Kh6 {[%clk 0:00:21]}
39. Ra7 {[%clk 0:03:02]} Re8 {[%clk 0:00:25]} 40. b7 {[%clk 0:03:06]} Rb8
{[%clk 0:00:30]} 41. Bf3 {[%clk 0:03:08]} 1-0

[Event "M?R mláde?e v rapidu 2019"]
[Site "?"]
[Date "2019.09.08"]
[Round "9.10"]
[White "Prazak, Daniel"]
[Black "Nemec, Jachym"]
[Result "1-0"]
[BlackElo "2033"]
[WhiteElo "1681"]
[LiveChessVersion "1.4.8"]

1. d4 {[%clk 0:20:09]} Nf6 {[%clk 0:20:08]} 2. Nf3 {[%clk 0:20:13]} d5
{[%clk 0:20:05]} 3. g3 {[%clk 0:20:13]} e6 {[%clk 0:20:06]} 4. Bg2
{[%clk 0:20:16]} Nbd7 {[%clk 0:20:04]} 5. c4 {[%clk 0:20:10]} c6 {[%clk 0:19:55]}
6. O-O {[%clk 0:20:13]} Be7 {[%clk 0:19:58]} 7. b3 {[%clk 0:20:09]} O-O
{[%clk 0:19:55]} 8. Nbd2 {[%clk 0:20:01]} b6 {[%clk 0:19:24]} 9. Bb2
{[%clk 0:19:13]} Bb7 {[%clk 0:19:28]} 10. e3 {[%clk 0:18:40]} Rc8
{[%clk 0:19:06]} 11. Qe2 {[%clk 0:18:22]} c5 {[%clk 0:17:35]} 12. Rac1
{[%clk 0:17:04]} Re8 {[%clk 0:17:00]} 13. Ne5 {[%clk 0:16:29]} Nxe5
{[%clk 0:15:58]} 14. dxe5 {[%clk 0:16:27]} Nd7 {[%clk 0:16:02]} 15. Rfd1
{[%clk 0:15:35]} Qc7 {[%clk 0:15:40]} 16. f4 {[%clk 0:14:58]} Red8
{[%clk 0:14:58]} 17. cxd5 {[%clk 0:12:19]} exd5 {[%clk 0:14:40]} 18. Nf1
{[%clk 0:10:36]} Nf8 {[%clk 0:13:23]} 19. Rd2 {[%clk 0:09:25]} Rd7
{[%clk 0:11:59]} 20. h4 {[%clk 0:08:09]} g6 {[%clk 0:09:55]} 21. Rcd1
{[%clk 0:07:38]} Rcd8 {[%clk 0:09:59]} 22. Bh3 {[%clk 0:07:01]} Qc6
{[%clk 0:07:53]} 23. Bxd7 {[%clk 0:06:49]} Rxd7 {[%clk 0:07:56]} 24. Qf3
{[%clk 0:04:58]} Qe6 {[%clk 0:07:49]} 25. g4 {[%clk 0:04:42]} d4 {[%clk 0:07:29]}
26. e4 {[%clk 0:04:43]} Bxh4 {[%clk 0:07:22]} 27. g5 {[%clk 0:03:58]} f6
{[%clk 0:07:12]} 28. gxf6 {[%clk 0:03:33]} g5 {[%clk 0:07:10]} 29. Rg2
{[%clk 0:02:35]} Ng6 {[%clk 0:06:07]} 30. Bc1 {[%clk 0:01:46]} Kh8
{[%clk 0:05:28]} 31. Kh1 {[%clk 0:01:32]} gxf4 {[%clk 0:04:55]} 32. Bxf4
{[%clk 0:01:33]} Rd8 {[%clk 0:04:37]} 33. Bg3 {[%clk 0:01:05]} Nxe5
{[%clk 0:04:24]} 34. Bxe5 {[%clk 0:00:56]} Qxe5 {[%clk 0:04:26]} 35. f7
{[%clk 0:00:51]} Bf6 {[%clk 0:03:51]} 36. Qg4 {[%clk 0:00:32]} Bg7
{[%clk 0:03:19]} 37. Nd2 {[%clk 0:00:33]} Bc8 {[%clk 0:03:18]} 38. Qg5
{[%clk 0:00:25]} Qxg5 {[%clk 0:03:01]} 39. Rxg5 {[%clk 0:00:29]} Bf6
{[%clk 0:02:55]} 40. Rg2 {[%clk 0:00:17]} Rf8 {[%clk 0:01:50]} 41. Rdg1
{[%clk 0:00:16]} Be6 {[%clk 0:01:44]} 42. Rg8+ {[%clk 0:00:19]} Rxg8
{[%clk 0:01:47]} 43. Rxg8# {[%clk 0:00:23]} 1-0